Culture Générale - Série 2090 - Statistiques

Statistiques générales
  • Ce quiz a été pris 109 fois
  • Le résultat moyen est 6 sur 10
Statistiques - réponses
Question Réponse % Correct
De quel pays le koala est-il originaire ? voir photo Australie
91%
En 1305, dans quelle ville le Pape part-il s’installer au détriment de Rome ? Avignon
88%
Quel est le nom complet de la chanson de Police de 1979 : « Message in a … » bottle
80%
De quelle ville européenne Sadiq Khan est-il le maire depuis mai 2016 ? Londres
77%
Quel pays a construit un mur de barbelé en 2015 pour contenir l’afflux de réfugiés et de migrants ? Hongrie
62%
De quel mouvement littéraire Ronsard et du Bellay font-ils partie ? la Pléiade
45%
Qui était la chanteuse des Supremes entre 1961 et 1970 ? prénom et nom Diana Ross
35%
Qui est le héros des « Liaisons dangereuses » de Pierre Choderlos de Laclos ? Valmont
34%
Quel verbe du 1er groupe de 7 lettres commençant par " e " signifie " discuter sur des futilités " ? ergoter
31%
A qui doit-on l'invention du thermomètre à mercure ? Gabriel Fahrenheit
12%
Aucun quiz correspondant
Distribution des résultats
% des personnes avec chaque résultat
Percentile par nombre de réponses
Votre historique - résultats
Vous n’avez pas pris ce quiz